000 00335 a2200133 4500
005 20250425095240.0
020 _a0-09-943558-8
082 _a823.914 DOO
100 _aDOODY, M.
245 _aAristotle and Poetic Justice
260 _aLondon,
_bArrow Books,
_c2002.
300 _axii, 399p., ill., map,
_c19cm.
942 _2ddc
_cBKS
999 _c1647
_d1647